00945nam a22002417a 45000010005000000030006000050050017000110080041000280200018000690400029000870500016001160820011001321000019001432450082001622600038002443000060002825050008003425200246003505210020005965210020006166500035006367000032006718436FISKH20250911162059.0250911b cb ||||| |||| 00| 0 eng d a9780590108218 aFISKHbengcFISKHdFISKH aGT3550 .C65 a728.81 aCole, Joanna  aMs.Frizzle's adventures : bMedieval castle / cBy Jonna Cole and Burce Degen aNew York : bScholastic , c2003. a40 unnumbered pages : bcolor illustrations ;c30 cm .  aO  aWhen Ms. Frizzle and her student Arnold follow an underground passage beneath Craig's Castle Shop and find themselves in the middle of a siege of a 12th century English castle, they learn a great deal about both castles and the Middle Ages. 8 a600 bLexile 8 aO bRaz-Plus  aMagic School BusvPicture book aDegen, Bruce eIllustrator